| 000 | 00771nam a2200205 4500 | ||
|---|---|---|---|
| 001 | 137521 | ||
| 003 | ES-MaACL | ||
| 005 | 20251114122952.0 | ||
| 007 | t| | ||
| 008 | 070214s1961 sp r ||||1| spa d | ||
| 100 | 1 |
_aSánchez Cantón, Francisco Javier, _d1891-1971 _9102521 |
|
| 245 | 1 | 0 |
_aIdeas de los P.P. Feijoo y Sarmiento sobre la organización de los estudios / _cFrancisco Javier Sánchez Cantón. |
| 260 |
_aOviedo : _bUniversidad Facultad de Filosofía y Letras, _c1961. |
||
| 300 |
_a35 p. ; _c27 cm. |
||
| 490 | 1 | _aCuadernos de la cátedra Feijoo | |
| 710 | 2 |
_aUniversidad de Oviedo. _bFacultad de Filosofía y Letras. _97266 |
|
| 830 | 0 |
_aCuadernos de la Cátedra Feijóo _9185697 |
|
| 852 |
_aES-MaACL _j2026-F-22 _bR.50029 |
||
| 999 |
_c137521 _d137521 |
||